TECHNOLOGY FOR MOTOR MECHANIC. (Record no. 724208)

MARC details
000 -LEADER
fixed length control field 00241nam a2200097Ia 4500
008 - FIXED-LENGTH DATA ELEMENTS--GENERAL INFORMATION
fixed length control field 230508s1977 xx 000 0 und d
041 ## - LANGUAGE CODE
Language code of text/sound track or separate title eng
100 ## - MAIN ENTRY--PERSONAL NAME
Personal name S C MUELD.
245 ## - TITLE STATEMENT
Title TECHNOLOGY FOR MOTOR MECHANIC.
260 ## - PUBLICATION, DISTRIBUTION, ETC.
Name of publisher, distributor, etc. EDWARD ARNOLD.
Date of publication, distribution, etc. 1977

No items available.